000 00319nam a22001457a 4500
008 221024b ||||| |||| 00| 0 eng d
020 _a9780785800354
041 _aeng
080 _a7
082 _a7HAR
100 _a21.1
101 _aART
245 _aTHE COMPLETE WATERCOLOR ARTIST
_cHARPER S
942 _2udc
_cBK
999 _c58651
_d58651